000 00915nam a22001337a 4500
040 _cRUA
082 _aAVM SAM 2018 B654 Or.1
100 _aSAMVEASNA DAVID សំវាសនា ដាវីដ
245 _ausing of tumeric as anticoccidial on three blood chickens on veterinary research station at royal university of agriculture ការប្រើប្រាស់រមៀតស្រស់ជាសារធាតុប្រឆាំង COCCIDIA ក្នុងប្រដាប់រំលាយអាហារមាន់បីឈាមនៅស្ថានីយស្រាវជ្រាវវេជ្ចសាស្រ្តនៃសាកលវិទ្យាល័យភូមិន្ទកសិកម្ម
260 _aRUA
_bPhnom penh
_c2018
300 _aix;38p
_bill;
_c29cm
856 _uhttps://drive.google.com/file/d/17iF0SySot5tp_CShFbTIFjrfEDO_i2GL/view?usp=sharing
942 _cAVM
999 _c18680
_d18680